| 000 | 01701cam a22003731i 4500 | ||
|---|---|---|---|
| 003 | SA-RiAUC | ||
| 005 | 20251201134120.0 | ||
| 008 | 251128s1964 su f z f00010 ara c | ||
| 020 | _a4319300 | ||
| 040 |
_aSA-RiKAPL _bara _cSA-RiAUC _dSA-RiKSU _erda |
||
| 043 | _aa-su--- | ||
| 072 | 0 | _a036 | |
| 082 | 0 | 4 |
_a338.2728202609531 _qSA-RiAUC |
| 090 |
_a338.2728202609531 _bس ع و |
||
| 110 | 1 |
_aالسعودية _eمؤلف. |
|
| 240 | 1 | 0 | _aمعاهدات، إلخ. |
| 245 | 1 | 0 |
_aاتفاقيات بين الحكومة العربية السعودية وشركة الزيت العربية الأمريكية / _cوزارة المالية والاقتصاد الوطني. |
| 246 | 3 | 5 | _aAgreements between the Saudi Arab government and the Arabian American Oil company |
| 250 | _aالطبعة الثانية. | ||
| 264 | 1 |
_aمكة المكرمة : _bمطبعة الحكومة، _c1964 |
|
| 300 |
_a104 صفحة ؛ _c24 × 17 سم |
||
| 336 |
_aنص _btxt _2rdacontent _3كتاب |
||
| 337 |
_aبدون وسيط _bn _2rdamedia |
||
| 338 |
_aمجلد _bnc _2rdacarrier |
||
| 500 | _aس ع/م ل/3/A3S1. | ||
| 650 | 7 |
_aالمطبوعات الحكومية _2aucsh |
|
| 650 | 7 |
_aالبترول _zالسعودية _xمعاهدات _xمطبوعات حكومية _2aucsh |
|
| 650 | 7 |
_aالبترول _xقوانين وتشريعات _xمطبوعات حكومية _zالسعودية _2aucsh |
|
| 651 | 7 |
_aالسعودية _xمطبوعات حكومية _2aucsh |
|
| 710 | 2 |
_aأرامكو السعودية _tمعاهدات، إلخ. |
|
| 710 | 1 |
_aالسعودية. _bوزارة المالية والاقتصاد الوطني _eمؤلف. |
|
| 942 |
_2ddc _cBOOK _n0 |
||
| 949 |
_aSA-JeALM _d251128 _umohamedma123 _n1 |
||
| 999 |
_c13425 _d13425 |
||